000 00460nam a2200181Ia 4500
003 OSt
005 20220722165335.0
008 210210b1931 xxu||||| |||| 00| 0 eng d
040 _cAL
041 _aeng
082 _a514/68
100 _aLONEY (S L)
_952906
245 _aElements of co-ordinate geometry part I and part II
260 _aLondon
_bMacmillan & Co. Ltd.
_c1931
690 _aAnalytical Geometry
_952907
906 _a007514
942 _2ddc
_cBK
999 _c140042
_d140042